[Event "Chess House GM December 2019"]
[Site "Aarhus"]
[Date "2019.12.13"]
[Round "3.1"]
[White "Thybo, Jesper Sondergaard"]
[Black "Danielsen, Henrik"]
[Result "0-1"]
[WhiteElo "2576"]
[BlackElo "2500"]
[Annotator "ChessBase"]
[PlyCount "70"]
[EventDate "2019.12.11"]
[EventType "tourn"]
[EventCountry "DEN"]
[SourceTitle "playchess.com"]
[Source "ChessBase"]
[SourceQuality "1"]
[TimeControl "40/5400+30:1800+30"]

1. e4 {[%emt 0:00:00]} e6 {[%emt 0:04:39]} 2. d4 {[%emt 0:00:12]} d5 {[%emt 0:00:11]} 3. e5 {[%emt 0:03:42]} b6 {[%emt 0:01:55]} 4. c3 {[%emt 0:05:26]} Qd7 {[%emt 0:00:20]} 5. Bd3 {[%emt 0:18:34]} Ba6 {[%emt 0:00:23]} 6. Bc2 {[%emt 0:01:14]} c5 {[%emt 0:00:28]} 7. Ne2 {[%emt 0:01:38]} Nc6 {[%emt 0:00:37]} 8. Be3 {[%emt 0:05:59]} cxd4 {[%emt 0:03:19]} 9. cxd4 {[%emt 0:03:02]} Bb4+ {[%emt 0:09:17]} 10. Nbc3 {[%emt 0:07:39]} Nge7 {[%emt 0:00:13]} 11. O-O {[%emt 0:00:38]} Nf5 {[%emt 0:03:23]} 12. Bxf5 {[%emt 0:05:53]} exf5 {[%emt 0:00:16]} 13. Rc1 {[%emt 0:01:41]} Bxc3 {[%emt 0:02:02]} 14. Rxc3 {[%emt 0:01:37]} O-O {[%emt 0:00:09]} 15. Re1 {[%emt 0:03:36]} Bxe2 {[%emt 0:03:53]} 16. Qxe2 {[%emt 0:04:30]} Rfc8 {[%emt 0:03:28]} 17. Qf3 {[%emt 0:08:19]} h6 {[%emt 0:04:25]} 18. Qh5 {[%emt 0:07:19]} Ne7 {[%emt 0:00:57]} 19. Rb3 {[%emt 0:03:16]} Qe6 {[%emt 0:00:29]} 20. Rc3 {[%emt 0:03:06]} Rc4 {[%emt 0:02:17]} 21. Rec1 {[%emt 0:01:54]} Rac8 {[%emt 0:00:19]} 22. Qd1 {[%emt 0:03:57]} b5 {[%emt 0:09:34]} 23. Qd2 {[%emt 0:01:16]} Qc6 {[%emt 0:02:56]} 24. a4 {[%emt 0:00:29]} bxa4 {[%emt 0:03:04]} 25. Rxc4 {[%emt 0:00:35]} dxc4 {[%emt 0:00:05]} 26. Qa5 {[%emt 0:00:23]} Nd5 {[%emt 0:00:48]} 27. Qxa7 {[%emt 0:01:17]} f4 {[%emt 0:00:47]} 28. Bd2 {[%emt 0:00:41]} f3 {[%emt 0:00:25]} 29. gxf3 {[%emt 0:01:30]} Qg6+ {[%emt 0:00:33]} 30. Kf1 {[%emt 0:00:10]} Qd3+ {[%emt 0:01:17]} 31. Ke1 {[%emt 0:00:27]} Qxf3 {[%emt 0:01:13]} 32. Qxa4 {[%emt 0:01:19]} Qe4+ {[%emt 0:00:54]} 33. Kd1 {[%emt 0:01:43]} Qxd4 {[%emt 0:00:31]} 34. Qa6 {[%emt 0:01:17]} Rd8 {[%emt 0:03:28]} 35. Ke1 {[%emt 0:00:19]} Nb4 {[%emt 0:01:54]} 0-1

[Event "Chess House GM December 2019"]
[Site "Aarhus"]
[Date "2019.12.13"]
[Round "3.2"]
[White "Svane, Frederik"]
[Black "Vasli, Aref"]
[Result "0-1"]
[WhiteElo "2398"]
[BlackElo "2413"]
[Annotator "TA"]
[PlyCount "132"]
[EventDate "2019.12.11"]
[EventType "tourn"]
[EventCountry "DEN"]
[SourceTitle "playchess.com"]
[Source "ChessBase"]
[SourceQuality "1"]

{[%evp 10,140,19,19,19,19,29,18,32,34,38,29,71,70,66,46,50,47,75,37,68,-13,-6,-34,-16,-29,-18,-44,-30,-33,-35,-34,-25,-37,-14,-25,0,0,0,-27,0,-52,-41,-64,-65,-54,-52,-49,-58,-63,-62,-62,-52,-95,-72,-68,-66,-75,-32,-34,-12,-12,-17,-19,-16,-17,0,-12,0,-170,-168,-129,-138,-144,-131,-223,-171,-221,-250,-247,-235,-324,-308,-315,-277,-347,-346,-318,-277,-285,-203,-197,-182,-248,-248,-236,-241,-220,-170,-170,-170,-170,-170,-289,-106,-375,-374,-836,-843,-1102,-997,-906,-841,-1100,-1060,-2002,-1885,-29962,-29964,-29960,-4602,-29975,-29975,-29976,-29965,-29974,-29965,-12638,-10842,-6096,-6391,-5770,-4614]} 1. c4 e5 2. g3 Nf6 3. Bg2 Nc6 4. Nc3 Bb4 5. e4 Bxc3 6. bxc3 O-O {A25: English Opening vs King's Indian with ...Nc6 but without early d3} 7. d3 d6 8. Nh3 (8. Nf3 Bd7 9. O-O Qc8 10. Rb1 Rb8 11. Nh4 Bh3 12. f4 Bxg2 13. Kxg2 Qg4 14. Qc2 Qd7 15. Qe2 Ne7 16. fxe5 dxe5 17. Ba3 {0-1 (29) Khismatullin,D (2623)-Goryachkina,A (2486) Kolomna 2016}) 8... Bg4 $146 {The position is equal.} ({Predecessor:} 8... Ne8 9. Rb1 Rb8 10. O-O f5 11. exf5 Bxf5 12. Bd5+ Kh8 13. g4 {0-1 (54) Aboutail,M (2078)-Sarwat,W (2326) Cairo 2016}) 9. f3 Bd7 10. O-O Ne8 11. f4 exf4 12. gxf4 f5 13. c5 Kh8 14. cxd6 cxd6 15. Nf2 (15. Rb1 $14) 15... Rc8 $11 16. Be3 Nf6 17. Rb1 b6 18. Qd2 Qe7 19. Rbe1 Qf7 20. Kh1 Qh5 21. Bd4 Qh6 22. Be3 Nh5 23. Nh3 Nf6 24. Nf2 Qh4 25. Kg1 ({White should try} 25. Bf3 $11) 25... Rce8 $15 26. exf5 Ne7 27. Ne4 Ng4 {[%csl Gg4][%cal Rh4h2]} 28. h3 Nxe3 29. Qxe3 Nxf5 30. Qf2 Qd8 31. Ng5 Rxe1 32. Rxe1 Qf6 33. Ne4 Qg6 34. Kh2 Bb5 35. c4 Bd7 36. Nc3 Qh6 37. Nd5 Nh4 38. Qg3 Bc6 39. Qg5 $2 (39. Bh1 $11) 39... Qxg5 $19 40. fxg5 Rf2 41. Kg3 Nxg2 42. Re6 (42. Kxf2 $17 {might work better.} Nxe1 43. Kxe1) 42... Rd2 ({Inferior is} 42... Rxa2 43. Nb4 $14) 43. Nb4 Ba4 44. Rxd6 {White wants to mate with Rd8+.} Kg8 45. Rd8+ Kf7 46. Ra8 a5 47. Ra7+ Kg6 48. Nd5 Bd1 (48... Kxg5 $2 49. Rxg7+ Kf5 50. Rxh7 $19) ({Weaker is} 48... Rxa2 49. Nc3 $15) 49. h4 Rxd3+ 50. Kxg2 {[%mdl 4096] Endgame aiming for Nf4+. KRB-KRN} Bf3+ {[%mdl 64] Double Attack} 51. Kf1 (51. Kf2 {was worth a try.} Bxd5 52. cxd5) 51... Bxd5 52. cxd5 Rxd5 {KR-KR} 53. Ke2 h5 54. gxh6 gxh6 55. Re7 Kf5 {Threatens to win with ...Re5+.} 56. Rf7+ {[#]} (56. Rg7 $142) 56... Ke5 $2 (56... Kg4 $1 $19 57. Rf6 Re5+ 58. Kd3 h5 59. Rxb6 Kxh4) 57. Re7+ $2 {[%mdl 8192]} (57. Ke3 $17 {was called for.}) 57... Kd4 {Strongly threatening ...Re5+.} 58. Kf3 $2 (58. Kd2 Rh5 59. Rd7+ Kc5 60. Ke3) 58... b5 59. Re4+ Kc3 60. Re6 h5 61. Rc6+ Kb4 62. Rg6 Rd2 63. Rg5 Rxa2 64. Rxh5 a4 {[%cal Ba5a4,Ba4a3][%mdl 32]} 65. Rh8 a3 66. h5 Kb3 {Played: Ra2-h2} 0-1

[Event "Chess House GM December 2019"]
[Site "Aarhus"]
[Date "2019.12.13"]
[Round "3.3"]
[White "Olsen, Filip Boe"]
[Black "Ochsner, Bjorn Moller"]
[Result "1-0"]
[WhiteElo "2341"]
[BlackElo "2492"]
[Annotator "ChessBase"]
[PlyCount "77"]
[EventDate "2019.12.11"]
[EventType "tourn"]
[EventCountry "DEN"]
[SourceTitle "playchess.com"]
[Source "ChessBase"]
[SourceQuality "1"]
[TimeControl "40/5400+30:1800+30"]

1. c4 {[%emt 0:00:00]} Nf6 {[%emt 0:01:31]} 2. Nc3 {[%emt 0:00:00]} e5 {[%emt 0:01:45]} 3. g3 {[%emt 0:00:12]} c6 {[%emt 0:00:57]} 4. d4 {[%emt 0:02:26]} exd4 {[%emt 0:02:01]} 5. Qxd4 {[%emt 0:00:11]} d5 {[%emt 0:00:26]} 6. Nf3 {[%emt 0:09:08]} Be7 {[%emt 0:05:17]} 7. cxd5 {[%emt 0:04:54]} cxd5 {[%emt 0:00:21]} 8. Bg2 {[%emt 0:01:21]} Nc6 {[%emt 0:00:54]} 9. Qa4 {[%emt 0:06:35]} O-O {[%emt 0:20:02]} 10. O-O {[%emt 0:02:01]} Qb6 {[%emt 0:00:44]} 11. Qb5 {[%emt 0:05:21]} Rd8 {[%emt 0:00:51]} 12. Qxb6 {[%emt 0:06:20]} axb6 {[%emt 0:00:02]} 13. Bf4 {[%emt 0:03:55]} d4 {[%emt 0:04:24]} 14. Nb5 {[%emt 0:08:43]} Nd5 {[%emt 0:24:43]} 15. Nc7 {[%emt 0:08:30]} Nxf4 {[%emt 0:00:59]} 16. Nxa8 {[%emt 0:01:03]} Nxe2+ {[%emt 0:00:56]} 17. Kh1 {[%emt 0:00:01]} b5 {[%emt 0:01:32]} 18. Nc7 {[%emt 0:05:33]} d3 {[%emt 0:05:42]} 19. Nxb5 {[%emt 0:12:46]} Bf6 {[%emt 0:02:12]} 20. Rad1 {[%emt 0:09:57]} Bxb2 {[%emt 0:02:24]} 21. Rd2 {[%emt 0:03:27]} Bc1 {[%emt 0:00:54]} 22. Rdd1 {[%emt 0:00:16]} d2 {[%emt 0:01:50]} 23. Nxd2 {[%emt 0:05:33]} Bxd2 {[%emt 0:03:37]} 24. Bf3 {[%emt 0:01:40]} Ned4 {[%emt 0:02:15]} 25. Rxd2 {[%emt 0:01:31]} Nxf3 {[%emt 0:00:33]} 26. Rxd8+ {[%emt 0:00:07]} Nxd8 {[%emt 0:00:01]} 27. Rd1 {[%emt 0:00:21]} Nc6 {[%emt 0:01:53]} 28. Na7 {[%emt 0:00:36]} Be6 {[%emt 0:02:46]} 29. Nxc6 {[%emt 0:00:08]} g6 {[%emt 0:00:15]} 30. Nb4 {[%emt 0:00:13]} Kg7 {[%emt 0:00:53]} 31. Kg2 {[%emt 0:00:54]} Ng5 {[%emt 0:00:02]} 32. f3 {[%emt 0:00:45]} h5 {[%emt 0:00:20]} 33. Rd6 {[%emt 0:00:34]} b5 {[%emt 0:00:36]} 34. h4 {[%emt 0:00:32]} Nh7 {[%emt 0:00:07]} 35. a3 {[%emt 0:00:22]} Nf6 {[%emt 0:00:28]} 36. Rb6 {[%emt 0:00:26]} Bd7 {[%emt 0:02:32]} 37. Rb7 {[%emt 0:00:25]} Be8 {[%emt 0:01:29]} 38. Kf2 {[%emt 0:00:27]} Ng8 {[%emt 0:00:44]} 39. Na6 {[%emt 0:00:38]} 1-0

[Event "Chess House GM December 2019"]
[Site "Aarhus"]
[Date "2019.12.13"]
[Round "3.4"]
[White "Vinter-Schou, Uffe"]
[Black "Pakleza, Zbigniew"]
[Result "0-1"]
[WhiteElo "2359"]
[BlackElo "2503"]
[Annotator "RC"]
[PlyCount "152"]
[EventDate "2019.12.11"]
[EventType "tourn"]
[EventCountry "DEN"]
[SourceTitle "playchess.com"]
[Source "ChessBase"]
[SourceQuality "1"]
[TimeControl "40/5400+30:1800+30"]

1. e4 {[%emt 0:00:00]} e5 {[%emt 0:00:00]} 2. Nf3 {[%emt 0:00:01]} d6 {[%emt 0:00:00]} 3. d4 {[%emt 0:00:59]} exd4 {[%emt 0:00:00]} 4. Nxd4 {[%emt 0:00:10]} Nf6 {[%emt 0:00:00]} 5. Nc3 {[%emt 0:00:11]} Be7 {[%emt 0:00:00]} 6. Be2 {[%emt 0:00:58]} O-O {[%emt 0:00:06]} 7. O-O {[%emt 0:00:13]} Re8 {[%emt 0:00:13]} 8. Re1 {[%emt 0:00:27]} c6 {[%emt 0:00:42]} 9. a4 {[%emt 0:01:42]} Bf8 {[%emt 0:00:32]} 10. Bf1 {[%emt 0:01:24]} a5 {[%emt 0:00:14]} 11. Bf4 {[%emt 0:11:06]} Na6 {[%emt 0:02:47]} 12. h3 {[%emt 0:03:18]} Qb6 {[%emt 0:06:45]} 13. Qd2 {[%emt 0:02:19]} Nc5 {[%emt 0:27:04]} 14. f3 {[%emt 0:12:24]} Bd7 {[%emt 0:07:59]} 15. Kh1 {[%emt 0:00:24]} Rad8 {[%emt 0:00:38]} 16. b3 {[%emt 0:13:36]} Bc8 {[%emt 0:02:48]} 17. Bg5 {[%emt 0:09:40]} Be7 {[%emt 0:04:31]} 18. Nf5 {[%emt 0:05:55]} Bxf5 {[%emt 0:00:56]} 19. exf5 {[%emt 0:00:02]} Qc7 {[%emt 0:02:28]} 20. Bf4 {[%emt 0:01:02]} Qd7 {[%emt 0:09:07]} 21. g4 {[%emt 0:00:39]} d5 {[%emt 0:00:15]} 22. Qd4 {[%emt 0:05:35]} h6 {[%emt 0:07:24]} 23. Be5 {[%emt 0:03:29]} b6 {[%emt 0:12:26]} 24. Rad1 {[%emt 0:00:13]} Qc8 {[%emt 0:01:07]} 25. Qf4 {[%emt 0:01:16]} Nfd7 {[%emt 0:04:11]} 26. Bc7 {[%emt 0:05:35]} Bh4 {[%emt 0:01:10]} 27. Re2 {[%emt 0:00:38]} Rxe2 {[%emt 0:00:13]} 28. Nxe2 {[%emt 0:00:19]} Re8 {[%emt 0:00:09]} 29. Nd4 {[%emt 0:01:16]} Qb7 {[%emt 0:00:21]} 30. c4 {[%emt 0:02:56]} Nf6 {[%emt 0:02:39]} 31. Bd6 {[%emt 0:04:05]} Bf2 {[%emt 0:00:39]} 32. Be5 {[%emt 0:00:42]} Ncd7 {[%emt 0:00:40]} 33. Bd6 {[%emt 0:07:04]} Nc5 {[%emt 0:03:21]} 34. Qd2 {[%emt 0:03:46]} Nce4 {[%emt 0:02:14]} 35. fxe4 {[%emt 0:00:50]} Nxe4 {[%emt 0:00:02]} 36. Qb2 {[%emt 0:01:52]} Bxd4 {[%emt 0:00:19]} 37. Qxd4 {[%emt 0:00:14]} Nxd6 {[%emt 0:00:14]} 38. Bg2 {[%emt 0:00:42]} f6 {[%emt 0:02:36]} 39. cxd5 {[%emt 0:01:02]} c5 {[%emt 0:00:03]} 40. Qf4 {[%emt 0:01:15]} Re5 {[%emt 0:01:09]} 41. Rc1 {[%emt 0:08:13]} Qe7 {[%emt 0:00:24]} 42. Rc3 {[%emt 0:01:31]} Re1+ {[%emt 0:06:58]} 43. Kh2 {[%emt 0:00:10]} Kf7 {[%emt 0:01:30]} 44. Rg3 {[%emt 0:02:14]} Qe5 {[%emt 0:03:43]} 45. Qxe5 {[%emt 0:04:04]} fxe5 {[%emt 0:00:05]} 46. Rc3 {[%emt 0:00:07]} Kf6 {[%emt 0:14:56]} 47. Kg3 {[%emt 0:00:11]} Re4 {[%emt 0:00:47]} 48. Kf2 {[%emt 0:09:03]} Rd4 {[%emt 0:00:26]} 49. Ke3 {[%emt 0:00:58]} Kg5 {[%emt 0:02:33]} 50. Rc2 {[%emt 0:01:19]} Rb4 {[%emt 0:01:18]} 51. Rc3 {[%emt 0:00:14]} Kf6 {[%emt 0:00:22]} 52. Bf1 {[%emt 0:02:15]} Re4+ {[%emt 0:00:08]} 53. Kf3 {[%emt 0:00:35]} Rf4+ {[%emt 0:00:13]} 54. Kg2 {[%emt 0:00:37]} h5 {[%emt 0:02:23]} 55. gxh5 {[%emt 0:03:19]} Nxf5 {[%emt 0:00:08]} 56. Bb5 {[%emt 0:00:59]} e4 {[%emt 0:01:54]} 57. Bd7 {[%emt 0:00:31]} Ke5 {[%emt 0:00:40]} 58. Be6 {[%emt 0:01:20]} Kd4 {[%emt 0:01:10]} 59. Rc1 {[%emt 0:00:27]} Ne3+ {[%emt 0:00:47]} 60. Kg3 {[%emt 0:00:47]} Ke5 {[%emt 0:00:33]} 61. Rg1 {[%emt 0:00:37]} Nf1+ {[%emt 0:00:48]} 62. Kg2 {[%emt 0:00:23]} Nd2 {[%emt 0:00:16]} 63. Kh1 {[%emt 0:01:38]} e3 {[%emt 0:00:18]} 64. Rg5+ {[%emt 0:00:27]} Kd6 {[%emt 0:00:34]} 65. Bg4 {[%emt 0:00:20]} Ne4 {[%emt 0:00:52]} 66. Rxg7 {[%emt 0:00:46]} Nf2+ {[%emt 0:00:10]} 67. Kg2 {[%emt 0:00:32]} Nxg4 {[%emt 0:00:02]} 68. Rxg4 {[%emt 0:00:32]} e2 {[%emt 0:00:07]} 69. Rxf4 {[%emt 0:00:15]} e1=Q {[%emt 0:00:03]} 70. Rf3 {[%emt 0:00:41]} Qh4 {[%emt 0:00:37]} 71. Rf5 {[%emt 0:00:29]} Qe4+ {[%emt 0:00:10]} 72. Rf3 {[%emt 0:00:01]} Qxd5 {[%emt 0:00:15]} 73. h4 {[%emt 0:00:18]} Qxh5 {[%emt 0:00:12]} 74. Rh3 {[%emt 0:00:05]} Ke5 {[%emt 0:00:13]} 75. Rh1 {[%emt 0:01:16]} Kf4 {[%emt 0:00:14]} 76. Rf1+ {[%emt 0:00:16]} Ke5 0-1

[Event "Chess House GM December 2019"]
[Site "Aarhus"]
[Date "2019.12.13"]
[Round "3.5"]
[White "Smith, Axel"]
[Black "Jacobsen, Mikkel Manosri"]
[Result "1-0"]
[WhiteElo "2470"]
[BlackElo "2348"]
[Annotator "ChessBase"]
[PlyCount "229"]
[EventDate "2019.12.11"]
[EventType "tourn"]
[EventCountry "DEN"]
[SourceTitle "playchess.com"]
[Source "ChessBase"]
[SourceQuality "1"]
[TimeControl "40/5400+30:1800+30"]

1. Nf3 {[%emt 0:00:00]} d5 {[%emt 0:00:00]} 2. c4 {[%emt 0:00:00]} c6 {[%emt 0:00:23]} 3. e3 {[%emt 0:00:07]} Nf6 {[%emt 0:00:12]} 4. Nc3 {[%emt 0:01:00]} Nbd7 {[%emt 0:01:11]} 5. d4 {[%emt 0:02:21]} e6 {[%emt 0:00:06]} 6. Bd3 {[%emt 0:00:11]} Bd6 {[%emt 0:01:18]} 7. e4 {[%emt 0:01:07]} dxc4 {[%emt 0:03:44]} 8. Bxc4 {[%emt 0:00:02]} e5 {[%emt 0:00:09]} 9. dxe5 {[%emt 0:00:37]} Nxe5 {[%emt 0:03:23]} 10. Nxe5 {[%emt 0:00:03]} Bxe5 {[%emt 0:00:06]} 11. Qxd8+ {[%emt 0:00:02]} Kxd8 {[%emt 0:00:06]} 12. Bxf7 {[%emt 0:00:22]} Rf8 {[%emt 0:01:47]} 13. Bb3 {[%emt 0:25:26]} Bxc3+ {[%emt 0:01:07]} 14. bxc3 {[%emt 0:00:01]} Nxe4 {[%emt 0:00:10]} 15. O-O {[%emt 0:00:49]} Re8 {[%emt 0:14:33]} 16. Re1 {[%emt 0:15:55]} Bf5 {[%emt 0:05:45]} 17. Bc2 {[%emt 0:08:18]} Bg6 {[%emt 0:02:30]} 18. c4 {[%emt 0:12:03]} Nd6 {[%emt 0:08:43]} 19. Bg5+ {[%emt 0:01:07]} Kd7 {[%emt 0:00:06]} 20. Bxg6 {[%emt 0:02:12]} hxg6 {[%emt 0:01:06]} 21. c5 {[%emt 0:00:45]} Rxe1+ {[%emt 0:04:22]} 22. Rxe1 {[%emt 0:00:01]} Nc8 {[%emt 0:00:15]} 23. g4 {[%emt 0:08:21]} b6 {[%emt 0:00:24]} 24. Be3 {[%emt 0:00:44]} Ne7 {[%emt 0:01:58]} 25. Bd4 {[%emt 0:02:28]} Nd5 {[%emt 0:03:08]} 26. Bxg7 {[%emt 0:02:32]} bxc5 {[%emt 0:00:20]} 27. h4 {[%emt 0:02:44]} Rg8 {[%emt 0:07:01]} 28. Be5 {[%emt 0:00:41]} Re8 {[%emt 0:01:20]} 29. Kh2 {[%emt 0:04:37]} c4 {[%emt 0:04:16]} 30. Kg3 {[%emt 0:00:02]} Nb4 {[%emt 0:09:33]} 31. f4 {[%emt 0:00:23]} c5 {[%emt 0:09:48]} 32. Rc1 {[%emt 0:06:00]} Kc6 {[%emt 0:00:01]} 33. Rxc4 {[%emt 0:00:55]} Kd5 {[%emt 0:00:07]} 34. Rc3 {[%emt 0:01:09]} c4 {[%emt 0:02:32]} 35. h5 {[%emt 0:00:45]} gxh5 {[%emt 0:00:26]} 36. gxh5 {[%emt 0:00:00]} Nd3 {[%emt 0:00:23]} 37. Bg7 {[%emt 0:01:56]} Re4 {[%emt 0:07:09]} 38. h6 {[%emt 0:01:45]} Nxf4 {[%emt 0:00:11]} 39. h7 {[%emt 0:01:05]} Ng6 {[%emt 0:00:15]} 40. h8=Q {[%emt 0:00:41]} Nxh8 {[%emt 0:00:07]} 41. Bxh8 {[%emt 0:30:09]} Re8 {[%emt 0:37:30]} 42. Bf6 {[%emt 0:00:22]} Re6 {[%emt 0:01:15]} 43. Bg5 {[%emt 0:00:00]} Ra6 {[%emt 0:00:00]} 44. Rc2 {[%emt 0:00:00]} Ke4 {[%emt 0:00:00]} 45. Rxc4+ {[%emt 0:00:00]} Kd3 {[%emt 0:00:00]} 46. Rc7 {[%emt 0:00:00]} Rxa2 {[%emt 0:00:00]} 47. Kf3 {[%emt 0:00:00]} a5 {[%emt 0:00:00]} 48. Rd7+ {[%emt 0:00:00]} Kc4 {[%emt 0:00:00]} 49. Ke3 {[%emt 0:00:00]} Rg2 {[%emt 0:00:00]} 50. Bf4 {[%emt 0:00:00]} a4 {[%emt 0:00:00]} 51. Ra7 {[%emt 0:00:00]} Kb5 {[%emt 0:00:00]} 52. Kd3 {[%emt 0:00:25]} Rg6 {[%emt 0:00:00]} 53. Kc3 {[%emt 0:02:07]} Rf6 {[%emt 0:00:00]} 54. Be3 {[%emt 0:00:51]} Rc6+ {[%emt 0:00:00]} 55. Kb2 {[%emt 0:00:09]} Re6 {[%emt 0:00:00]} 56. Bd2 {[%emt 0:00:13]} Ra6 {[%emt 0:00:00]} 57. Rh7 {[%emt 0:00:42]} Rd6 {[%emt 0:00:00]} 58. Bc3 {[%emt 0:00:46]} Rc6 {[%emt 0:00:00]} 59. Rh5+ {[%emt 0:00:25]} Rc5 {[%emt 0:00:00]} 60. Rh3 {[%emt 0:00:22]} Rf5 {[%emt 0:00:00]} 61. Ka3 {[%emt 0:00:33]} Rg5 {[%emt 0:00:00]} 62. Rh8 {[%emt 0:02:51]} Rg6 {[%emt 0:00:00]} 63. Rh5+ {[%emt 0:00:30]} Kc4 {[%emt 0:00:00]} 64. Bb4 {[%emt 0:00:16]} Ra6 {[%emt 0:03:10]} 65. Rg5 {[%emt 0:00:02]} Ra8 {[%emt 0:00:14]} 66. Ba5 {[%emt 0:00:01]} Ra6 {[%emt 0:00:25]} 67. Rh5 {[%emt 0:00:15]} Ra7 {[%emt 0:00:07]} 68. Kxa4 {[%emt 0:00:06]} Ra8 {[%emt 0:00:12]} 69. Rh1 {[%emt 0:00:27]} Rb8 {[%emt 0:01:20]} 70. Rc1+ {[%emt 0:00:04]} Kd5 {[%emt 0:00:07]} 71. Bb4 {[%emt 0:00:12]} Rb7 {[%emt 0:00:12]} 72. Kb3 {[%emt 0:00:05]} Rh7 {[%emt 0:00:28]} 73. Rd1+ {[%emt 0:00:07]} Kc6 {[%emt 0:01:03]} 74. Rd6+ {[%emt 0:01:14]} Kc7 {[%emt 0:00:22]} 75. Rg6 {[%emt 0:00:21]} Rh4 {[%emt 0:00:14]} 76. Bc5 {[%emt 0:00:27]} Kd7 {[%emt 0:00:13]} 77. Kc3 {[%emt 0:00:04]} Re4 {[%emt 0:00:09]} 78. Ra6 {[%emt 0:01:50]} Rf4 {[%emt 0:02:01]} 79. Bd4 {[%emt 0:00:12]} Re4 {[%emt 0:00:10]} 80. Kc4 {[%emt 0:00:17]} Re6 {[%emt 0:00:11]} 81. Ra7+ {[%emt 0:00:12]} Kd6 {[%emt 0:00:04]} 82. Ra8 {[%emt 0:01:39]} Kc6 {[%emt 0:00:12]} 83. Ra7 {[%emt 0:01:57]} Kd6 {[%emt 0:00:04]} 84. Ra5 {[%emt 0:00:04]} Kc6 {[%emt 0:00:31]} 85. Be5 {[%emt 0:00:31]} Kb6 {[%emt 0:00:12]} 86. Rd5 {[%emt 0:00:58]} Kc6 {[%emt 0:00:21]} 87. Kd4 {[%emt 0:00:19]} Re8 {[%emt 0:01:49]} 88. Rc5+ {[%emt 0:00:08]} Kb6 {[%emt 0:00:05]} 89. Kc4 {[%emt 0:00:32]} Re6 {[%emt 0:00:11]} 90. Bc7+ {[%emt 0:00:15]} Ka6 {[%emt 0:01:11]} 91. Kd5 {[%emt 0:00:34]} Rh6 {[%emt 0:02:13]} 92. Bd6 {[%emt 0:02:09]} Rh5+ {[%emt 0:00:03]} 93. Be5 {[%emt 0:00:04]} Rh6 {[%emt 0:00:13]} 94. Rc1 {[%emt 0:00:18]} Kb7 {[%emt 0:00:21]} 95. Rg1 {[%emt 0:00:08]} Kb6 {[%emt 0:01:36]} 96. Rb1+ {[%emt 0:00:10]} Ka5 {[%emt 0:00:53]} 97. Bd6 {[%emt 0:00:39]} Rh4 {[%emt 0:00:52]} 98. Bc5 {[%emt 0:01:55]} Rg4 {[%emt 0:02:53]} 99. Bd4 {[%emt 0:00:20]} Ka6 {[%emt 0:01:15]} 100. Rb6+ {[%emt 0:00:52]} Ka5 {[%emt 0:00:04]} 101. Rb8 {[%emt 0:00:27]} Ka6 {[%emt 0:00:31]} 102. Kc4 {[%emt 0:00:28]} Rg6 {[%emt 0:01:19]} 103. Ra8+ {[%emt 0:00:29]} Kb7 {[%emt 0:00:06]} 104. Ra7+ {[%emt 0:00:01]} Kb8 {[%emt 0:01:18]} 105. Rf7 {[%emt 0:00:02]} Kc8 {[%emt 0:01:49]} 106. Kd5 {[%emt 0:00:03]} Rg5+ {[%emt 0:00:58]} 107. Kc6 {[%emt 0:00:46]} Rg6+ {[%emt 0:00:19]} 108. Bf6 {[%emt 0:00:04]} Kb8 {[%emt 0:00:14]} 109. Kb6 {[%emt 0:00:46]} Kc8 {[%emt 0:00:07]} 110. Rc7+ {[%emt 0:00:04]} Kb8 {[%emt 0:00:05]} 111. Rc6 {[%emt 0:00:03]} Rg8 {[%emt 0:00:28]} 112. Be5+ {[%emt 0:01:10]} Ka8 {[%emt 0:00:13]} 113. Kc7 {[%emt 0:01:18]} Ka7 {[%emt 0:01:32]} 114. Bd4+ {[%emt 0:00:24]} Ka8 {[%emt 0:00:06]} 115. Ra6# {[%emt 0:00:06]} 1-0

[Event "Chess House GM December 2019"]
[Site "Aarhus"]
[Date "2019.12.14"]
[Round "4.1"]
[White "Jacobsen, Mikkel Manosri"]
[Black "Olsen, Filip Boe"]
[Result "1/2-1/2"]
[WhiteElo "2348"]
[BlackElo "2341"]
[Annotator "TA"]
[PlyCount "62"]
[EventDate "2019.12.11"]
[EventType "tourn"]
[EventCountry "DEN"]
[SourceTitle "playchess.com"]
[Source "ChessBase"]
[SourceQuality "1"]

{[%evp 13,62,-17,16,-33,-8,-33,-31,-32,-25,-36,30,27,37,40,35,58,71,26,112,82,85,0,0,-18,-18,-18,-26,-21,-21,-84,-85,-83,-75,-77,-21,-21,64,69,63,0,0,0,3,2,2,0,76,89,89,0,0]} 1. d4 Nf6 2. Nf3 e6 3. Bf4 b6 4. e3 Bb7 5. Nbd2 Be7 6. Bd3 c5 7. c3 d5 8. Bxb8 {D02: 1 d4 d5 2 Nf3 sidelines, including 2...Nf6 3 g3 and 2...Nf6 3 Bf4} Qxb8 (8... Rxb8 9. Qa4+ Kf8 10. Qxa7 Bc6 11. Ne5 Be8 12. O-O Bd6 13. f4 g6 14. a4 c4 15. Bxc4 dxc4 16. Ndxc4 {0-1 (47) Tichy,S (2190)-Matviishen,V (2404) Pardubice 2017}) 9. Qa4+ Kf8 10. Ne5 {Black is slightly better.} Qc7 $146 ({Predecessor:} 10... Bd6 11. f4 Qe8 12. Bb5 Qe7 13. O-O a6 14. Bc6 b5 15. Qc2 Bxc6 16. Nxc6 {0-1 (35) Llanes Luno,P (2059)-Pellicer Cerezuela,M (2023) Aragon 2017}) 11. f4 Ne4 (11... Ne8 $15) 12. Bxe4 $11 dxe4 13. dxc5 Bxc5 14. Nxe4 Bxe3 15. Ng5 {Ke2 is the strong threat.} (15. Rd1 $5 {[%cal Rd1d7]} Bxf4 16. Nd7+ Kg8 17. Nef6+ $1 {[%mdl 512]} gxf6 18. Nxf6+ Kg7 19. Nh5+ Kf8 20. Qb4+ Qc5 21. Qxc5+ bxc5 22. Nxf4 $11) 15... Ke7 ({Wrong is} 15... Qd6 $2 16. Rd1 $18) (15... b5 $1 $11 {keeps the balance.} 16. Qxb5 Bxg2) 16. Ngxf7 Rhf8 {[#]} 17. Rd1 (17. Ke2 $1 $16 {Strongly threatening Rhd1.} Rxf7 18. Kxe3) 17... Bd5 $1 18. c4 (18. Qa3+ {looks sharper.} Qc5 19. Qxc5+ Bxc5 20. Rf1 Rxf7 21. c4) 18... Rxf7 19. cxd5 Rxf4 20. d6+ $1 Qxd6 $1 21. Rxd6 (21. Qd7+ $11 Qxd7 22. Rxd7+ Ke8 23. Rxg7) 21... Rxa4 $17 22. Rd7+ Kf6 23. Nd3 Rd4 (23... Rxa2 24. Rf1+ Kg6 25. Ne5+ Kh5 26. Rf3 $11) (23... Kg6 $17 24. Rf1 h5) 24. Rf1+ $11 Kg5 ({Black should play} 24... Kg6 $11 25. Ne5+ Kh6) 25. Rxg7+ $14 Kh6 26. Rg3 (26. Rff7 $14 Rxd3 27. Rxh7+ Kg5 28. Ke2) 26... Rxd3 27. Ke2 Rad8 28. Rf6+ {[%mdl 64] Double Attack} Kh5 {And now ...Bg5 would win.} 29. Rxe3 Rxe3+ (29... Rd2+ $11 30. Kf3 R8d5) 30. Kxe3 $16 Rc8 31. Rf2 (31. Rxe6 $16 Rc2 32. Kf3) 31... Kg6 {Accuracy: White = 48%, Black = 45%.} 1/2-1/2